Diccionario geográfico-estadístico-histórico de Aragón. Teruel / (Record no. 8879)

MARC details
000 -LEADER
campo de control de longitud fija 01041nam a2200253 i 4500
001 - NÚMERO DE CONTROL
campo de control 8879
003 - IDENTIFICADOR DE NÚMERO DE CONTROL
campo de control ES-MaACL
005 - FECHA Y HORA DE LA ÚLTIMA TRANSACCIÓN
campo de control 20250808063452.0
007 - CAMPO FIJO DE DESCRIPCIÓN FÍSICA--INFORMACIÓN GENERAL
campo de control de longitud fija t|
008 - DATOS DE LONGITUD FIJA--INFORMACIÓN GENERAL
campo de control de longitud fija 921110r19851850sp ||||1| spa d
020 ## - NÚMERO INTERNACIONAL ESTÁNDAR DEL LIBRO
Número Internacional Estándar del Libro 84-86047-62-5
080 ## - NÚMERO DE LA CLASIFICACIÓN DECIMAL UNIVERSAL
Número de la Clasificación Decimal Universal 9(465.23)(038)
080 ## - NÚMERO DE LA CLASIFICACIÓN DECIMAL UNIVERSAL
Número de la Clasificación Decimal Universal 91(465.23)(038)
100 1# - ENTRADA PRINCIPAL--NOMBRE DE PERSONA
Nombre de persona Madoz, Pascual,
Fechas asociadas al nombre 1806-1870
9 (RLIN) 75334
245 10 - MENCIÓN DEL TÍTULO
Título Diccionario geográfico-estadístico-histórico de Aragón. Teruel /
Mención de responsabilidad, etc. Pascual Madoz ; [editor de la obra, Domingo Sánchez Zurro].
260 ## - PUBLICACIÓN, DISTRIBUCIÓN, ETC.
Lugar de publicación, distribución, etc. Valladolid :
Nombre del editor, distribuidor, etc. Ambito :
-- Diputación General de Aragón,
Fecha de publicación, distribución, etc. 1985.
300 ## - DESCRIPCIÓN FÍSICA
Extensión 206 p. :
Otras características físicas il. ;
Dimensiones 27 cm.
500 ## - NOTA GENERAL
Nota general Reprod. parcial del Diccionario geográfico-estadístico-histórico de España y sus posesiones de ultramar por Pascual Madoz. Madrid, 1845-1850.
651 #4 - PUNTO DE ACCESO ADICIONAL DE MATERIA--NOMBRE GEOGRÁFICO
Nombre geográfico Teruel (Provincia)-
Subdivisión general Historia-
Subdivisión de forma Diccionarios.
9 (RLIN) 9435
651 #4 - PUNTO DE ACCESO ADICIONAL DE MATERIA--NOMBRE GEOGRÁFICO
Nombre geográfico Teruel (Provincia)-
Subdivisión general Descripción-
Subdivisión de forma Diccionarios.
9 (RLIN) 9434
700 1# - ENTRADA AGREGADA--NOMBRE PERSONAL
Nombre de persona Sánchez Zurro, Domingo J.
9 (RLIN) 102999
852 ## - LOCALIZACIÓN
Ubicación ES-MaACL
Número de control de estantería L-16358
Sublocalización o colección R.121034
Holdings
Estatus retirado Estado de pérdida Estado de daño No para préstamo Colección Biblioteca de origen Biblioteca actual Ubicación en estantería Fecha de adquisición Fuente de adquisición Total de préstamos Signatura topográfica completa Código de barras Visto por última vez Precio de reemplazo Tipo de ítem Koha
        Colección de referencia Biblioteca del Ateneo de Madrid Biblioteca del Ateneo de Madrid Depósito 2 17/01/2008     L-16358 1009066 23/02/2023 23/02/2023 Libro impreso